MARC details
| 000 -LEADER |
| campo de control de longitud fija |
01578nam a2200397 i 4500 |
| 001 - NÚMERO DE CONTROL |
| campo de control |
195558 |
| 003 - IDENTIFICADOR DE NÚMERO DE CONTROL |
| campo de control |
SpMaBN |
| 005 - FECHA Y HORA DE LA ÚLTIMA TRANSACCIÓN |
| campo de control |
20241024184851.0 |
| 007 - CAMPO FIJO DE DESCRIPCIÓN FÍSICA--INFORMACIÓN GENERAL |
| campo de control de longitud fija |
ta |
| 008 - DATOS DE LONGITUD FIJA--INFORMACIÓN GENERAL |
| campo de control de longitud fija |
240624s1981 gw spa |
| 016 7# - NÚMERO DE CONTROL DE UNA AGENCIA BIBLIOGRÁFICA NACIONAL |
| Número de control del registro |
bimoBNE19910232243 |
| Número de control cancelado/no válido |
SAB9000025888 |
| Fuente |
SpMaBN |
| 035 ## - NÚMERO DE CONTROL DEL SISTEMA |
| Número de control de sistema |
(OCoLC)434842818 |
| 035 ## - NÚMERO DE CONTROL DEL SISTEMA |
| Número de control de sistema |
bimo0000022988 |
| 040 ## - FUENTE DE CATALOGACIÓN |
| Centro catalogador/agencia de origen |
SpMaBN |
| Lengua de catalogación |
spa |
| Centro/agencia transcriptor |
SpMaBN |
| Normas de descripción |
rdc |
| Centro/agencia modificador |
ES-MaACL |
| 080 ## - NÚMERO DE LA CLASIFICACIÓN DECIMAL UNIVERSAL |
| Número de la Clasificación Decimal Universal |
860(85) Vallejo, César 1.06(042) |
| 245 00 - MENCIÓN DEL TÍTULO |
| Título |
César Vallejo : |
| Resto del título |
actas del coloquio internacional : Freie Universität Berlin, 7-9 junio 1979 / |
| Mención de responsabilidad, etc. |
editadas por Gisela Beutler y Alejandro Losada con la colaboración de Klaus Zimmermann. |
| 260 ## - PUBLICACIÓN, DISTRIBUCIÓN, ETC. |
| Lugar de publicación, distribución, etc. |
Tübingen : |
| Nombre del editor, distribuidor, etc. |
Niemeyer, |
| Fecha de publicación, distribución, etc. |
1981. |
| 300 ## - DESCRIPCIÓN FÍSICA |
| Extensión |
VIII, 150 p. ; |
| Dimensiones |
25 cm |
| 336 ## - TIPO DE CONTENIDO |
| Fuente |
rdacontent |
| Término de tipo de contenido |
texto |
| 337 ## - TIPO DE MEDIO |
| Fuente |
rdamedia |
| Nombre/término del tipo de medio |
sin mediación |
| 338 ## - TIPO DE SOPORTE |
| Fuente |
rdacarrier |
| Nombre/término del tipo de soporte |
volumen |
| 490 1# - MENCIÓN DE SERIE |
| Mención de serie |
Beihefte zur Iberoromania ; |
| Designación de volumen o secuencia |
1 |
| 500 ## - NOTA GENERAL |
| Nota general |
En español y alemán. |
| 600 14 - PUNTO DE ACCESO ADICIONAL DE MATERIA--NOMBRE DE PERSONA |
| Nombre de persona |
Vallejo, César, |
| Fechas asociadas al nombre |
1892-1938 |
| Subdivisión general |
Crítica e interpretación |
| Fuente del encabezamiento o término |
embne |
| 9 (RLIN) |
112834 |
| 700 1# - ENTRADA AGREGADA--NOMBRE PERSONAL |
| Nombre de persona |
Beutler, Gisela, |
| Fechas asociadas al nombre |
1919-1996 |
| 9 (RLIN) |
237180 |
| Término indicativo de función/relación |
Editor |
| 700 1# - ENTRADA AGREGADA--NOMBRE PERSONAL |
| Nombre de persona |
Losada, Alejandro, |
| Fechas asociadas al nombre |
1936-1985 |
| 9 (RLIN) |
237181 |
| Término indicativo de función/relación |
Editor |
| 700 ## - ENTRADA AGREGADA--NOMBRE PERSONAL |
| Nombre de persona |
Zimmermann, Klaus, |
| Fechas asociadas al nombre |
1947- |
| 9 (RLIN) |
237182 |
| Término indicativo de función/relación |
Colaborador |
| 830 ## - PUNTO DE ACCESO ADICIONAL DE SERIE-TÍTULO UNIFORME |
| Título uniforme |
Beihefte zur Iberoromania ; |
| 9 (RLIN) |
237183 |
| Designación de volumen o secuencia |
1 |
| 852 ## - LOCALIZACIÓN |
| Ubicación |
ES-MaACL |
| Ubicación en estantería |
Depósito folletos |
| Número de control de estantería |
FOLL-BUE-125 |
| Donativo/Legado |
Legado: Antonio Buero Vallejo |
| itemnumber |
203766 |
| 903 ## - NOMBRE PERSONAL DE DONANTE |
| 9 |
32421 |
| a |
Buero Vallejo, Antonio, |
| q |
1 |
| d |
1916-2000 |
| e |
Donante |
| 942 ## - ELEMENTOS DE ENTRADA SECUNDARIOS (KOHA) |
| Suprimir en OPAC |
No |
| Tipo de ítem Koha |
Folleto |